000
00320nam a2200121Ia 4500
008
150202s9999 xx 000 0 und d
050
_a
FIC
_b
FIC
100
_a
Benchley, Peter.
245
_a
Jaws /
_c
Peter Benchley.
260
_a
New York :
_b
Bantam Books,
_c
1974.
300
_a
309 pages :
_c
18 cm.
650
_a
Fiction.
999
_c
281846
_d
281846